000 00180 a2200097 4500
001 14570
100 _a
245 _a
260 _aKarachi
_bIslamic pubs
_c
090 _c11393
_d11393
942 _aNUST-CAE
_c
_c1551
999 _c249643
_d249643